| 000 | 00930nam a22002657a 4500 | ||
|---|---|---|---|
| 999 |
_c15309 _d15309 |
||
| 003 | MIRAKIL | ||
| 005 | 20240207120558.0 | ||
| 008 | 240207b tu ||||| |||| 00| 0 tur d | ||
| 020 | _a9786052547984 | ||
| 040 |
_aTR-AnCHP _cTR-AnCHP |
||
| 041 | _aTürkçe | ||
| 082 |
_a304.6 _bY91S 2023 |
||
| 100 | _aYüca, Şafak | ||
| 245 | 1 | 0 |
_aSavaş ve modernleşme _bOsmanlı Devleti'nde göç yönetiminin değişimi / _cŞafak Yüca |
| 250 | _a1. bs. | ||
| 260 |
_aAnkara _bDetay Yayınları _c2023 |
||
| 300 |
_avi, 162 s. _c24 cm. |
||
| 490 | 0 |
_aDetay yayınları _v1721 |
|
| 504 | _aKaynakça vardır. | ||
| 650 | 0 |
_95967 _aGöç hareketleri |
|
| 650 | 0 |
_9710 _aOsmanlı İmparatorluğu _xTarih _zKurumsal göç hareketleri |
|
| 650 | 0 |
_9712 _aOsmanlı İmparatorluğu _xToplumsal yaşamTarih _zGöç yönetimi |
|
| 856 | _zDijital Nüshası için Partimizin Kütüphane Sorumlusu ile iletişime geçiniz. | ||
| 942 |
_2ddc _cBKS |
||